Normal view
MARC view
Entry Personal Name
001 - CONTROL NUMBER
- control field: 8807
003 - CONTROL NUMBER IDENTIFIER
- control field: HDC
005 - DATE AND TIME OF LATEST TRANSACTION
- control field: 20230624073306.0
008 - FIXED-LENGTH DATA ELEMENTS
- fixed length control field: 210130|| aca||aabn | a|a d
040 ## - CATALOGING SOURCE
- Original cataloging agency: HDC
- Transcribing agency: HDC
100 ## - HEADING--PERSONAL NAME
- Personal name: Chouliara, E. Pagiataki. E.
670 ## - SOURCE DATA FOUND
- Source citation: Work cat.: (HDC): Chouliara, E. Pagiataki. E., author, Food Analysis and Preservation: Current Research Topics :, 2012
